Lexikon der gesamten technik und ihrer hilfswissenschaften. VI. s.

Uložené v:
Podrobná bibliografia
Hlavný autor: Lueger, O.
Médium: Kniha
Jazyk:Slovak
Vydané: Stuttgart- Leipzig.
Fyzický popis: 820 s.
Tagy: Pridať tag
Žiadne tagy, Buďte prvý kto otaguje tento záznam!

MARC

LEADER 00000nam a22000004a 4500
001 000620121
005 20190724090715.0
008 190724s xo e 000 0 slo d
040 |a SVKKK  |b slo  |c SVKKK  |e AACR2 
100 1 |a Lueger, O. 
245 1 0 |a Lexikon der gesamten technik und ihrer hilfswissenschaften. VI. s. 
260 |a Stuttgart- Leipzig. 
300 |a 820 s. 
500 |a Záznam revízie 
910 |a svkkk 
998 |a BK 
090 |g SCKHL  |k Sklad Pribinova 3. posch.  |a V.4416  |j 15970  |i 2720860917  |s Prezenčne